Catálogo

Nazca, testimonio de una alta cultura : (Registro nro. 31144)

Detalles MARC
000 -LEADER
fixed length control field 01213cam a2200289 i 4500
001 - CONTROL NUMBER
control field 31144
003 - CONTROL NUMBER IDENTIFIER
control field Mx-PuUPA
005 - DATE AND TIME OF LATEST TRANSACTION
control field 20240108084322.0
008 - FIXED-LENGTH DATA ELEMENTS--GENERAL INFORMATION
fixed length control field 140415s1984 pe ae gr 000 0 spa d
040 ## - CATALOGING SOURCE
Transcribing agency Mx-PuUPA
Original cataloging agency Mx-PuUPA
Language of cataloging spa
Modifying agency Mx-PuUPA
Description conventions rda
041 1# - LANGUAGE CODE
Language code of text/sound track or separate title spa
-- eng
100 1# - MAIN ENTRY--PERSONAL NAME
Personal name Scholten de D'Ebneth, María,
Relator term autor
245 10 - TITLE STATEMENT
Title Nazca, testimonio de una alta cultura :
Remainder of title descubrimiento del más grande libro de geometría del mundo = Nazca, testimony of a high culture : discovery of the largest geometry book of the world /
Statement of responsibility, etc. por María Scholten de D'Ebneth
246 11 - VARYING FORM OF TITLE
Title proper/short title Nazca, testimony of a high culture :
Remainder of title discovery of the largest geometry book of the world
264 #1 - PRODUCTION, PUBLICATION, DISTRIBUTION, MANUFACTURE, AND COPYRIGHT NOTICE
Place of production, publication, distribution, manufacture Lima :
Name of producer, publisher, distributor, manufacturer Editorial Juan Mejía Baca,
Date of production, publication, distribution, manufacture, or copyright notice 1984
300 ## - PHYSICAL DESCRIPTION
Extent 65 páginas :
Other physical details ilustraciones, planos ;
Dimensions 43 cm
336 ## - CONTENT TYPE
Fuente rdacontent
Content type term texto
Content type code txt
337 ## - MEDIA TYPE
Source rdamedia
Media type term sin medio
Media type code n
338 ## - CARRIER TYPE
Source rdacarrier
Carrier type term volumen
Carrier type code nc
546 ## - LANGUAGE NOTE
Language note Texto en inglés y español.
650 #7 - SUBJECT ADDED ENTRY--TOPICAL TERM
Source of heading or term armarc
Topical term or geographic name entry element Cultura Nasca
650 #7 - SUBJECT ADDED ENTRY--TOPICAL TERM
Source of heading or term armarc
Topical term or geographic name entry element Indios de Sudamérica
Geographic subdivision Perú
General subdivision Matemáticas
650 #7 - SUBJECT ADDED ENTRY--TOPICAL TERM
Source of heading or term armarc
Topical term or geographic name entry element Pesos y medidas indias
942 ## - ADDED ENTRY ELEMENTS (KOHA)
Source of classification or shelving scheme Dewey Decimal Classification
Koha item type Libro
Suppress in OPAC
Classification part 985.27
Item part S25
Existencias
Withdrawn status Lost status Source of classification or shelving scheme Damaged status Not for loan Collection code Home library Current library Shelving location Date acquired Source of acquisition Total Checkouts Full call number Barcode Date last seen Price effective from Koha item type
    Dewey Decimal Classification     Referencia Biblioteca Karol Wojtyla Biblioteca Karol Wojtyla Área de silencio 03/12/2013 Donación   985.27 S25 1984 49422 05/01/2026 03/12/2013 Folio